characters - Statistics

General Stats
  • This quiz has been taken 12 times
  • The average score is 13 of 16
Answer Stats
Picture Answer % Correct
mario
100%
mickey mouse
100%
tinkerbell
100%
garfield/odie
90%
harley quinn
90%
minions
90%
woody
90%
donald
80%
olaf
80%
popeye
80%
spider man
80%
yoshi
80%
naruto
60%
raphael
60%
bulbasaur
50%
charmander
50%
No matching quizzes found
Score Distribution
Percent of People with Each Score
Percentile by Number Answered
Your Score History
You have not taken this quiz